00918nam a22002657a 4500001001000000003000900010005001700019007000300036008003400039040005400073041001000127072002000137100001600157110013200173245012900305260004200434300001000476500005800486650001200544650002200556650001200578650003000590650001800620650001400638BR0806176BR-BrBNA20230928102733.0ta230509b bl.||||| |||| 00| 0 por d aBR-BrBNAbporcBiblioteca Nacional de Agricultura a(Por) aL73b6100b41501 aGomes, F.R.1 aUniversidade Federal de Minas Gerais, Belo Horizonte (Brasil). Escola de Veterinária0Tese (Mestre em Medicina Veterinária)1 aVírus da anemia infecciosa das galinhas: perfil sorológico em matrizes pesadas e presença do vírus em sua progênie3 aBelo Horizonte, MG (Brasil): c2004.  a47 p. aSummaries (Eng, Por); Bibliography p. 43-47; 9 illus. aGALINHA aANEMIA INFECCIOSA aVÍRUS aTRANSMISSÃO DE DOENÇA aDIAGNÓSTICO aANTICORPO